Central Library OPAC University of Rajshahi

خسرو کا ذہنى سفر = Khusrau kā z̲ahnī safar / (Record no. 84853)

MARC details
000 -LEADER
fixed length control field 01002cam a2200253 i 4500
001 - CONTROL NUMBER
control field 84853
003 - CONTROL NUMBER IDENTIFIER
rucl marc code BD-RjUL
005 - DATE AND TIME OF LATEST TRANSACTION
control field 20250424115722.0
008 - FIXED-LENGTH DATA ELEMENTS--GENERAL INFORMATION
fixed length control field 801002s1977 ii 000 0 urdo
035 ## - SYSTEM CONTROL NUMBER
System control number (BD-RjUL)84853
040 ## - CATALOGING SOURCE
Original cataloging agency DLC
Transcribing agency DLC
Modifying agency DLC
Language of cataloging eng
041 ## - LANGUAGE CODE
Language code of text/sound track or separate title urd
082 ## - DEWEY DECIMAL CLASSIFICATION NUMBER
Edition number 23
Classification number 891.4391092
Author mark and year ANK 1977
100 1# - MAIN ENTRY--PERSONAL NAME
Personal name Anṣārī, Ẓ., = انصارى، ظ.،
Dates associated with a name 1925-
9 (RLIN) 15317
245 10 - TITLE STATEMENT
Title خسرو کا ذہنى سفر = Khusrau kā z̲ahnī safar /
Statement of responsibility, etc. Ẓ. Anṣārī = .انصارى.ظ
260 ## - PUBLICATION, DISTRIBUTION, ETC. (IMPRINT)
Place of publication, distribution, etc. Naʼī Dihlī ::
Name of publisher, distributor, etc. Anjuman Taraqqī-yi Urdū, Hind =: انجمن ترقی اردو، ہند،
Date of publication, distribution, etc. 1977.
300 ## - PHYSICAL DESCRIPTION
Pagination 143 p. ;
Size 23 cm.
490 1# - SERIES STATEMENT
Series statement Silsilah-yi mat̤būʻāt-i Anjuman Taraqqī-yi Urdū, Hind ;
Volume/sequential designation nambar 482
500 ## - GENERAL NOTE
General note In Urdu.
600 00 - SUBJECT ADDED ENTRY--PERSONAL NAME
Personal name Amīr Khusraw Dihlavī,
Dates associated with a name approximately 1253-1325
General subdivision Criticism and Interpretation.
830 #0 - SERIES ADDED ENTRY--UNIFORM TITLE
Uniform title Silsilah-yi mat̤būʻāt-i Anjuman Taraqqī-yi Urdū, Hind ;
Volume number/sequential designation 482.
942 ## - ADDED ENTRY ELEMENTS (KOHA)
Source of classification or shelving scheme Dewey Decimal Classification
Koha item type Books
Holdings
Lost status Source of classification or shelving scheme Damaged status Not for loan Collection code Permanent Location Current Location Shelving location Date acquired Total Checkouts Full call number Date last seen Copy number Koha item type
  Dewey Decimal Classification   Not For Loan Non-fiction Central Library, University of Rajshahi Central Library, University of Rajshahi Reading Room 24/04/2025   U 891.4391092 ANK 1977 24/04/2025 C-1 Books